000 nam a22 7a 4500
999 _c9433
_d9433
008 180129b ||||| |||| 00| 0 eng d
100 _aCresswell H
_95649
245 _aA Gift from winklesea
260 _aNew York
_bPenguin Publication
_c1969